Spell the Marvel Hero #59 - Statistics

General Stats
  • This quiz has been taken 20 times
  • The average score is 6 of 7
Answer Stats
Picture Answer % Correct
Iron Fist
100%
War Machine
100%
Shuri
94%
Armor
78%
Wasabi
67%
Aero
61%
Blink
50%
No matching quizzes found
Score Distribution
Percent of People with Each Score
Percentile by Number Answered
Your Score History
You have not taken this quiz